| 000 | 01051cam a2200301 4500 | ||
|---|---|---|---|
| 008 | 090401t1998 xxu||||| |||| 00| 0 eng d | ||
| 020 | _a0854068716 | ||
| 035 | _a(Sirsi) u84824 | ||
| 041 | _aeng | ||
| 050 | _a333.337 | ||
| 110 |
_aRoyal Institution of Chartered Surveyors _94900 |
||
| 245 | _aChanging business practice and its impact on occupational property portfolios : a study of the impact of changing business patterns on the property market. | ||
| 260 |
_aLondon _bRICS _c1998 |
||
| 300 | _a36p. ; 30cm. | ||
| 350 | _a9.95 | ||
| 490 |
_aRight Space: Right Price _v4 |
||
| 520 | _aOne of six working papers for the Right Space: Right Price project. A report for the RICS by the University of Reading and DTZ Debenham Thorpe. | ||
| 650 | _aOFFICE RELOCATION | ||
| 650 | _aOFFICE SPACE | ||
| 650 | _aOFFICES | ||
| 650 | _aPROPERTY MARKET | ||
| 650 | _aPROPERTY PORTFOLIOS | ||
| 650 | _aPROPERTY REQUIREMENTS | ||
| 650 | _aWORKING PRACTICES | ||
| 690 | _aPROPERTY-COMMERCIAL PROPERTY | ||
| 942 | _n0 | ||
| 948 | _c12/03/1998 | ||
| 999 |
_c96982 _d96982 |
||